00459nam a2200181 a 4500001001300000003000900013005001700022008004100039020001000080082001400090245002400104260004700128300000800175500003500183505001300218650001300231710003300244nice12345678IN_TiNIC20260116012354.0050524s1978 sina grp 000 0 eng  ac10000a266bCCA5 aSuffering and Hope. aSingapurbChristian Conference Indiac1978 a83p aincludes index and biblioraphy2 aAppendix aMissions2 aChristian Conference of Asia